Leadership online

Práca v online prostredí ako jedna z kľúčových výziev pre lídrov. Spôsoby, ako riadiť tímy virtuálne a kvalitne. Problémy online komunikácie.

Guardado en:
Detalles Bibliográficos
Autor principal: Suchá, Janette
Formato: Capítulo de libro
Lenguaje:eslovaco
Materias:
Etiquetas: Agregar Etiqueta
Sin Etiquetas, Sea el primero en etiquetar este registro!

MARC

LEADER 00000naa a2200000 4500
001 0276471
005 20210617135700.0
041 0 |a slo 
044 |a SK 
245 1 0 |a Leadership online  |c Janette Suchá 
520 |a Práca v online prostredí ako jedna z kľúčových výziev pre lídrov. Spôsoby, ako riadiť tímy virtuálne a kvalitne. Problémy online komunikácie. 
610 2 0 |a lídri 
610 2 0 |a komunikácia elektronická 
610 2 0 |a riadenie ľudských zdrojov 
610 2 0 |a prostredie virtuálne 
100 1 |a Suchá, Janette